Prayer and fasting: (Record no. 13641)

000 -LEADER
fixed length control field 00922nam a2200229 a 4500
001 - CONTROL NUMBER
control field :::00011464$&:&@@
003 - CONTROL NUMBER IDENTIFIER
control field OkBaRHE
005 - DATE AND TIME OF LATEST TRANSACTION
control field 20000607103408.0
008 - FIXED-LENGTH DATA ELEMENTS--GENERAL INFORMATION
fixed length control field s1986 j 000 0 eng u
040 ## - CATALOGING SOURCE
Transcribing agency
100 1# - MAIN ENTRY--PERSONAL NAME
Personal name Lindsay, Gordon (James Gordon), 1906-1973.
245 10 - TITLE STATEMENT
Title Prayer and fasting:
Remainder of title the master key to the impossible.
260 ## - PUBLICATION, DISTRIBUTION, ETC. (IMPRINT)
Place of publication, distribution, etc Dallas, TX., :
Name of publisher, distributor, etc Christ For The Nations
Date of publication, distribution, etc 1986
300 ## - PHYSICAL DESCRIPTION
Extent 62 p. ;
Dimensions 21 cm.
650 ## - SUBJECT ADDED ENTRY--TOPICAL TERM
Topical term or geographic name as entry element Fasting
650 ## - SUBJECT ADDED ENTRY--TOPICAL TERM
Topical term or geographic name as entry element Prayer
942 ## - ADDED ENTRY ELEMENTS (KOHA)
Source of classification or shelving scheme
Koha item type Books
Copies
Damaged status Koha item type Barcode Source of classification or shelving scheme Lost status Shelving location Not for loan Full call number Permanent Location Date last seen Withdrawn status Date acquired Price effective from Copy number
 Books11464  General Stacks BV 5055 .L5P7RHEMA Bible Training College2010-04-14 2010-04-142010-04-141
 Books16847  General Stacks BV 5055 .L5P7RHEMA Bible Training College2010-04-14 2010-04-142010-04-142
 Books16848  General Stacks BV 5055 .L5P7RHEMA Bible Training College2010-04-14 2010-04-142010-04-143
 Books16849  General Stacks BV 5055 .L5P7RHEMA Bible Training College2010-04-14 2010-04-142010-04-144